[Event "Titled Tuesday intern op 04th Jun Early"]
[Site "Chess.com INT"]
[Date "2024.06.04"]
[Round "4"]
[White "Teiitbaev, Aktilek"]
[Black "Fabris, Alberto"]
[Result "1-0"]
[WhiteElo "2106"]
[BlackElo "2230"]
[PlyCount "119"]
[EventDate "2024.06.04"]
[EventType "swiss (blitz)"]
[EventRounds "11"]
[EventCountry "USA"]
[SourceTitle "EXT 2025"]
[Source "ChessBase"]
[SourceDate "2024.10.14"]
[SourceVersion "1"]
[SourceVersionDate "2024.10.14"]
[SourceQuality "1"]

1. d4 Nf6 2. c4 e6 3. Nf3 d5 4. Nc3 Bb4 5. Bg5 0-0 6. e3 c5 7. Rc1 Nc6 8. cxd5 exd5 9. dxc5 Be6 10. Bb5 Rc8 11. 0-0 a6 12. Bxc6 Rxc6 13. Na4 Ba5 14. Nd4 Rc8 15. a3 h6 16. Bh4 Bc7 17. Bg3 Bxg3 18. hxg3 Ne4 19. b4 Qg5 20. Nb6 Rc7 21. Qf3 Nd2 22. Qf4 Qxf4 23. gxf4 Nxf1 24. Kxf1 Rd8 25. Ke2 Bg4+ 26. f3 Bh5 27. g4 Bg6 28. f5 Bh7 29. Rd1 g6 30. fxg6 Bxg6 31. f4 Be4 32. Nf5 Bxf5 33. gxf5 Kg7 34. Kf3 Re7 35. Nxd5 Red7 36. e4 f6 37. Rg1+ Kf7 38. Rg6 Rxd5 39. exd5 Rxd5 40. Rxh6 Rd3+ 41. Kg4 Rxa3 42. Rh7+ Kg8 43. Rxb7 Rb3 44. Rb6 Kg7 45. Rb7+ Kh6 46. c6 Rc3 47. Rb6 Rc4 48. Rxa6 Rxb4 49. c7 Rc4 50. Rxf6+ Kg7 51. Rg6+ Kf7 52. Rh6 Kg7 53. Kg5 Rc1 54. f6+ Kf7 55. Rh7+ Ke6 56. f5+ Kd6 57. Re7 Rc2 58. Kg6 Rg2+ 59. Kf7 Rc2 60. Ke8 1-0

[Event "Titled Tuesday intern op 23rd Apr Early"]
[Site "Chess.com INT"]
[Date "2024.04.23"]
[Round "1"]
[White "Rustemov, Alexander"]
[Black "Teiitbaev, Aktilek"]
[Result "1-0"]
[WhiteElo "2525"]
[BlackElo "2094"]
[PlyCount "41"]
[EventDate "2024.04.23"]
[EventType "swiss (blitz)"]
[EventRounds "11"]
[EventCountry "USA"]
[SourceTitle "EXT 2025"]
[Source "ChessBase"]
[SourceDate "2024.10.14"]
[SourceVersion "1"]
[SourceVersionDate "2024.10.14"]
[SourceQuality "1"]

1. d4 Nf6 2. c4 g6 3. Nf3 Bg7 4. g3 0-0 5. Bg2 c5 6. 0-0 cxd4 7. Nxd4 Nc6 8. Nc3 Nxd4 9. Qxd4 d6 10. Rd1 a6 11. Qd3 Qc7 12. Bf4 Bf5 13. e4 Be6 14. b3 Rfd8 15. Rac1 Rac8 16. h3 Nd7 17. Be3 Qa5 18. a4 Ne5 19. Qc2 Nc6 20. Nd5 Kf8 21. Bb6 1-0

[Event "Titled Tuesday intern op 09th Apr Late"]
[Site "Chess.com INT"]
[Date "2024.04.09"]
[Round "4"]
[White "Aldokhin, Ivan"]
[Black "Teiitbaev, Aktilek"]
[Result "0-1"]
[WhiteElo "2413"]
[BlackElo "2094"]
[PlyCount "98"]
[EventDate "2024.04.09"]
[EventType "swiss (blitz)"]
[EventRounds "11"]
[EventCountry "USA"]
[SourceTitle "EXT 2025"]
[Source "ChessBase"]
[SourceDate "2024.10.14"]
[SourceVersion "1"]
[SourceVersionDate "2024.10.14"]
[SourceQuality "1"]

1. e4 c6 2. Nc3 d5 3. d4 dxe4 4. Nxe4 Nf6 5. Nxf6+ exf6 6. c3 Bd6 7. Bd3 0-0 8. Ne2 Re8 9. Qc2 h5 10. 0-0 h4 11. h3 Nd7 12. Kh1 Nf8 13. Ng1 Bc7 14. f4 g6 15. Nf3 f5 16. Qf2 Ne6 17. Nxh4 c5 18. Be3 cxd4 19. cxd4 Nc5 20. Bxf5 gxf5 21. dxc5 Rxe3 22. Qxe3 Qxh4 23. Qe8+ Kg7 24. Rae1 Rb8 25. Qe3 Be6 26. Qc3+ Qf6 27. Qe3 Rd8 28. b4 Rd4 29. a3 b6 30. Rf3 bxc5 31. bxc5 Re4 32. Qf2 Rxe1+ 33. Qxe1 Qd4 34. Qh4 Kf8 35. c6 Bd5 36. Qh6+ Ke8 37. Rf1 Qd3 38. Re1+ Be6 39. Qh8+ Ke7 40. Qh4+ Kd6 41. Qf2 Kxc6 42. Rc1+ Kb7 43. Qc5 Bb6 44. Qc6+ Ka6 45. a4 Bd7 46. Qc4+ Qxc4 47. Rxc4 Ka5 48. h4 Be6 49. Rc6 Be3 0-1

[Event "Titled Tuesday intern op 09th Apr Late"]
[Site "Chess.com INT"]
[Date "2024.04.09"]
[Round "3"]
[White "Teiitbaev, Aktilek"]
[Black "Haydon, David Leslie"]
[Result "1-0"]
[WhiteElo "2094"]
[BlackElo "2246"]
[PlyCount "117"]
[EventDate "2024.04.09"]
[EventType "swiss (blitz)"]
[EventRounds "11"]
[EventCountry "USA"]
[SourceTitle "EXT 2025"]
[Source "ChessBase"]
[SourceDate "2024.10.14"]
[SourceVersion "1"]
[SourceVersionDate "2024.10.14"]
[SourceQuality "1"]

1. d4 Nf6 2. c4 e6 3. Nf3 b6 4. g3 Bb7 5. Bg2 Bb4+ 6. Bd2 Bxd2+ 7. Qxd2 d6 8. 0-0 0-0 9. Nc3 Nbd7 10. b4 Qe7 11. Rfe1 c5 12. a3 Rac8 13. dxc5 dxc5 14. b5 Rfd8 15. Qc2 Bxf3 16. Bxf3 Ne5 17. Ne4 Rd5 18. cxd5 Nxd5 19. Nc3 Nf6 20. a4 g5 21. a5 h5 22. axb6 axb6 23. Ne4 Nd5 24. Bxh5 g4 25. Qb2 Nc4 26. Qc1 Ne5 27. Rd1 f5 28. Qg5+ Qxg5 29. Nxg5 Nf6 30. Bf7+ Nxf7 31. Nxe6 Re8 32. Nf4 c4 33. Ra6 Rb8 34. Nd5 Nxd5 35. Rxd5 c3 36. Rd1 Ng5 37. Rc1 Ne4 38. f3 gxf3 39. exf3 Nc5 40. Ra3 Rd8 41. Raxc3 Rd5 42. R1c2 Kf7 43. Kg2 Kf6 44. h4 f4 45. g4 Ke5 46. Rc4 Nd3 47. Re2+ Kd6 48. Rc6+ Kd7 49. Rxb6 Nc5 50. Rf6 Rd1 51. Rxf4 Rb1 52. Rf5 Nb3 53. h5 Nc1 54. Re1 Rb2+ 55. Kg3 Ne2+ 56. Rxe2 Rxe2 57. h6 Rb2 58. Rh5 Rxb5 59. Rxb5 1-0

[Event "Titled Tuesday intern op 09th Apr Late"]
[Site "Chess.com INT"]
[Date "2024.04.09"]
[Round "5"]
[White "Teiitbaev, Aktilek"]
[Black "Schitco, Ivan"]
[Result "1/2-1/2"]
[WhiteElo "2094"]
[BlackElo "2511"]
[PlyCount "90"]
[EventDate "2024.04.09"]
[EventType "swiss (blitz)"]
[EventRounds "11"]
[EventCountry "USA"]
[SourceTitle "EXT 2025"]
[Source "ChessBase"]
[SourceDate "2024.10.14"]
[SourceVersion "1"]
[SourceVersionDate "2024.10.14"]
[SourceQuality "1"]

1. d4 Nf6 2. c4 e6 3. Nf3 Bb4+ 4. Bd2 Bxd2+ 5. Qxd2 d5 6. Nc3 0-0 7. e3 Qe7 8. Rc1 c6 9. a3 Nbd7 10. cxd5 exd5 11. Bd3 Ne4 12. Qc2 f5 13. 0-0 a5 14. Rfe1 g6 15. Nd2 Nxd2 16. Qxd2 Nf6 17. f3 Qd6 18. Na4 Be6 19. Bb1 Rae8 20. Qxa5 f4 21. Qc5 Qb8 22. e4 dxe4 23. Bxe4 Nxe4 24. Rxe4 Bd5 25. Rxe8 Qxe8 26. Qc3 Qd8 27. Re1 Re8 28. Nc5 b6 29. Nd3 g5 30. Nb4 Rxe1+ 31. Qxe1 c5 32. dxc5 bxc5 33. Nxd5 Qxd5 34. Qa1 Qd4+ 35. Kh1 h5 36. h3 g4 37. fxg4 hxg4 38. hxg4 Qh8+ 39. Kg1 Qd4+ 40. Kf1 Qd3+ 41. Ke1 Qe3+ 42. Kf1 Qd3+ 43. Kg1 Qd4+ 44. Kh1 Qh8+ 45. Kg1 Qd4+ 1/2-1/2

[Event "Titled Tuesday intern op 19th Mar Early"]
[Site "Chess.com INT"]
[Date "2024.03.19"]
[Round "3"]
[White "Winkels, Marcel"]
[Black "Teiitbaev, Aktilek"]
[Result "0-1"]
[WhiteElo "1945"]
[BlackElo "2099"]
[PlyCount "66"]
[EventDate "2024.03.19"]
[EventType "swiss (blitz)"]
[EventRounds "11"]
[EventCountry "USA"]
[SourceTitle "EXT 2025"]
[Source "ChessBase"]
[SourceDate "2024.10.14"]
[SourceVersion "1"]
[SourceVersionDate "2024.10.14"]
[SourceQuality "1"]

1. d4 Nf6 2. Nc3 d5 3. Bf4 e6 4. Nb5 Na6 5. e3 Be7 6. Nf3 0-0 7. Be2 c6 8. Nc3 c5 9. Bxa6 bxa6 10. dxc5 Bxc5 11. 0-0 Bd6 12. Bxd6 Qxd6 13. e4 Qb4 14. exd5 Qxb2 15. Qd3 Rd8 16. d6 Qa3 17. Rfd1 Bb7 18. Ne5 Rac8 19. Nb1 Qxd3 20. Rxd3 Rc5 21. Nf3 Bxf3 22. gxf3 Rxc2 23. Nc3 Rb2 24. Rc1 g6 25. Ne4 Nd5 26. Rc6 Rb1+ 27. Kg2 Nf4+ 28. Kg3 Nxd3 29. d7 Kg7 30. Rc7 Rg1+ 31. Kh3 h6 32. Nd6 Nf4+ 33. Kh4 g5# 0-1

[Event "Moscow op-A 19th"]
[Site "Moscow"]
[Date "2023.07.18"]
[Round "2"]
[White "Shubin, Kirill"]
[Black "Teiitbaev, Aktilek"]
[Result "1/2-1/2"]
[WhiteElo "2439"]
[BlackElo "2049"]
[PlyCount "81"]
[EventDate "2023.07.17"]
[EventType "swiss"]
[EventRounds "9"]
[EventCountry "RUS"]
[SourceTitle "CBM 215 Extra"]
[Source "ChessBase"]
[SourceDate "2023.09.30"]
[SourceVersion "1"]
[SourceVersionDate "2023.09.30"]
[SourceQuality "1"]

1. e4 c5 2. Nf3 d6 3. d4 cxd4 4. Nxd4 Nf6 5. Nc3 a6 6. Nb3 e6 7. g4 b5 8. Bg2 Bb7 9. g5 Nfd7 10. 0-0 Nc6 11. f4 Be7 12. a3 0-0 13. Kh1 Rc8 14. h4 Nc5 15. Be3 b4 16. axb4 Nxb3 17. cxb3 Nxb4 18. f5 exf5 19. exf5 Bxg2+ 20. Kxg2 Re8 21. Ra4 d5 22. f6 Bd6 23. Bf2 Re5 24. Bd4 Qe8 25. Rxb4 Bxb4 26. Bxe5 Qxe5 27. Qg4 Rb8 28. Rf5 Qe6 29. Qf3 Bxc3 30. bxc3 Rxb3 31. Rxd5 Rb2+ 32. Kg3 Qe1+ 33. Kh3 Qe6+ 34. Qg4 Qe3+ 35. Qg3 Qe6+ 36. Qg4 Qe3+ 37. Qg3 Qe6+ 38. Qg4 Qe3+ 39. Qg3 Qe6+ 40. Qg4 Qe3+ 41. Qg3 1/2-1/2

[Event "Moscow op-A 18th"]
[Site "Moscow"]
[Date "2022.07.14"]
[Round "1"]
[White "Savchenko, Boris"]
[Black "Teiitbaev, Aktilek"]
[Result "1-0"]
[WhiteElo "2547"]
[BlackElo "2033"]
[PlyCount "89"]
[EventDate "2022.07.14"]
[EventType "swiss"]
[EventRounds "9"]
[EventCountry "RUS"]
[SourceTitle "CBM 209 Extra"]
[Source "ChessBase"]
[SourceDate "2022.09.30"]
[SourceVersion "1"]
[SourceVersionDate "2022.09.30"]
[SourceQuality "1"]

1. e4 c5 2. Nf3 e6 3. c3 d5 4. exd5 Qxd5 5. Na3 Nc6 6. d4 Nf6 7. Be2 cxd4 8. Nb5 Qd7 9. Nbxd4 Be7 10. 0-0 0-0 11. a4 Rd8 12. Bf4 Nd5 13. Bg3 Bf6 14. Re1 a6 15. Nxc6 Qxc6 16. Ne5 Bxe5 17. Bxe5 f6 18. Bxf6 gxf6 19. c4 Qb6 20. a5 Qc5 21. cxd5 Rxd5 22. Qb3 Kh8 23. Bc4 Rf5 24. Re3 Rf4 25. Rc1 Bd7 26. Qxb7 Bc6 27. Qxh7+ Kxh7 28. Bd3+ Be4 29. Bxe4+ Rxe4 30. Rxc5 Rd8 31. Kf1 Ra4 32. g3 e5 33. Rc6 Rxa5 34. Rxf6 Rb8 35. b3 Kg7 36. Rf5 Rbb5 37. h4 Rd5 38. h5 Rab5 39. Kg2 a5 40. g4 Rb4 41. f3 Rbb5 42. Kg3 Rbc5 43. Kh4 Kh6 44. Rf7 e4 45. f4 1-0

[Event "Moscow op-A 17th"]
[Site "Moscow"]
[Date "2021.02.27"]
[Round "8"]
[White "Zemlyanskii, Ivan"]
[Black "Teiitbaev, Aktilek"]
[Result "1/2-1/2"]
[WhiteElo "1950"]
[BlackElo "2100"]
[PlyCount "81"]
[EventDate "2021.02.20"]
[EventType "swiss"]
[EventRounds "9"]
[EventCountry "RUS"]
[SourceTitle "EXT 2022"]
[Source "ChessBase"]
[SourceDate "2021.10.06"]
[SourceVersion "1"]
[SourceVersionDate "2021.10.06"]
[SourceQuality "1"]

1. d4 d5 2. c4 c6 3. cxd5 cxd5 4. Nc3 Nf6 5. Bf4 Nc6 6. e3 Bg4 7. Qb3 Na5 8. Qa4+ Bd7 9. Qd1 a6 10. Bd3 e6 11. Nf3 b5 12. Rc1 Be7 13. Ne5 Nc4 14. Qe2 Rc8 15. 0-0 0-0 16. b3 Nd6 17. Nb1 Qb6 18. Bg5 Qb7 19. Qb2 Rxc1 20. Rxc1 Rc8 21. Rxc8+ Qxc8 22. Bxf6 Bxf6 23. Nxd7 Qxd7 24. Qc2 g6 25. Nd2 Kg7 26. g3 Nb7 27. Nf3 Nd8 28. a4 Be7 29. axb5 axb5 30. Qe2 b4 31. Bb5 Qc7 32. Ba4 Nb7 33. e4 dxe4 34. Qxe4 Bf6 35. Qc6 Qxc6 36. Bxc6 Nd6 37. g4 h5 38. h3 Bd8 39. Kf1 f5 40. gxh5 gxh5 41. d5 1/2-1/2

[Event "Moscow op-A 17th"]
[Site "Moscow"]
[Date "2021.02.21"]
[Round "2"]
[White "Savitskiy, Sergey"]
[Black "Teiitbaev, Aktilek"]
[Result "1-0"]
[WhiteElo "2427"]
[BlackElo "2100"]
[PlyCount "77"]
[EventDate "2021.02.20"]
[EventType "swiss"]
[EventRounds "9"]
[EventCountry "RUS"]
[SourceTitle "CBM 200 Extra"]
[Source "ChessBase"]
[SourceDate "2021.03.31"]
[SourceVersion "1"]
[SourceVersionDate "2021.03.31"]
[SourceQuality "1"]

1. e4 e5 2. Nf3 Nc6 3. Nc3 Nf6 4. Bb5 Bb4 5. 0-0 0-0 6. d3 d6 7. Ne2 h6 8. c3 Ba5 9. Ng3 Ne7 10. d4 c6 11. Bd3 Bc7 12. h3 Ng6 13. Re1 Re8 14. Be3 Be6 15. Qd2 d5 16. exd5 Bxd5 17. Bxg6 fxg6 18. Nxe5 Bxe5 19. dxe5 Rxe5 20. c4 Bf7 21. Qc3 Re6 22. Bd4 Qe7 23. Rxe6 Bxe6 24. Re1 Qf7 25. Bxf6 gxf6 26. Ne4 Kg7 27. Nd6 Qd7 28. Nxb7 Bf7 29. Nc5 Qf5 30. Qd4 Re8 31. Rxe8 Bxe8 32. g4 Qf3 33. Ne6+ Kf7 34. Nd8+ Kg8 35. Qd6 Qxh3 36. Qe6+ Kf8 37. Qxf6+ Kg8 38. Ne6 Qxg4+ 39. Kh2 1-0

[Event "Moscow-ch final"]
[Site "Moscow"]
[Date "2020.09.19"]
[Round "7"]
[White "Gubajdullin, Alexey"]
[Black "Teiitbaev, Aktilek"]
[Result "1-0"]
[WhiteElo "2344"]
[BlackElo "2106"]
[PlyCount "85"]
[EventDate "2020.09.13"]
[EventType "swiss"]
[EventRounds "9"]
[EventCountry "RUS"]
[SourceTitle "CBM 198 Extra"]
[Source "ChessBase"]
[SourceDate "2020.11.30"]
[SourceVersion "1"]
[SourceVersionDate "2020.11.30"]
[SourceQuality "1"]

1. d4 Nf6 2. Nf3 g6 3. Bf4 Bg7 4. e3 d6 5. Be2 0-0 6. 0-0 b6 7. h3 Bb7 8. a4 a5 9. Nc3 Nbd7 10. Bh2 Re8 11. Nb5 Ne4 12. c3 Rc8 13. Qb3 e6 14. Rfd1 Qe7 15. Na7 Ra8 16. Nb5 Rac8 17. Nd2 Ndf6 18. Nc4 Bh6 19. Bf3 Bd5 20. Nba3 Ng5 21. Bxd5 exd5 22. Nd2 Nge4 23. Qc2 Nxd2 24. Rxd2 Ne4 25. Re2 Qh4 26. Rae1 Re7 27. Qb3 Nxf2 28. Rxf2 Bxe3 29. Rxe3 Rxe3 30. Nc2 Re7 31. Qxd5 Rce8 32. Qf3 Qg5 33. Bf4 Qf5 34. Ne3 Qe4 35. Nd5 Qxf3 36. Nxe7+ Rxe7 37. Rxf3 Re1+ 38. Rf1 Re2 39. Rf2 Re1+ 40. Kh2 f6 41. Bh6 Kf7 42. Bg5 f5 43. Bd8 1-0

[Event "Moscow op-A 16th"]
[Site "Moscow"]
[Date "2020.01.30"]
[Round "6"]
[White "Teiitbaev, Aktilek"]
[Black "Zhukov, Anton"]
[Result "0-1"]
[WhiteElo "2092"]
[BlackElo "2252"]
[PlyCount "90"]
[EventDate "2020.01.25"]
[EventType "swiss"]
[EventRounds "9"]
[EventCountry "RUS"]
[SourceTitle "CBM 194 Extra"]
[Source "ChessBase"]
[SourceDate "2020.03.31"]
[SourceVersion "1"]
[SourceVersionDate "2020.03.31"]
[SourceQuality "1"]

1. c4 Nf6 2. Nc3 g6 3. e4 d6 4. d4 Bg7 5. Nf3 0-0 6. Be2 e5 7. dxe5 dxe5 8. Qxd8 Rxd8 9. Bg5 Re8 10. Nd5 Nxd5 11. cxd5 c6 12. Bc4 cxd5 13. Bxd5 Na6 14. Rc1 Nb4 15. Bc4 Nc6 16. 0-0 Be6 17. Bxe6 Rxe6 18. Rfd1 f6 19. Be3 Bf8 20. a3 Rd6 21. Rxd6 Bxd6 22. b4 a6 23. Kf1 Kf7 24. Nd2 Rd8 25. Nb3 Ke6 26. Bb6 Rd7 27. Ke2 Be7 28. Rc4 f5 29. f3 h5 30. Bc5 f4 31. a4 b5 32. axb5 axb5 33. Rc1 Nxb4 34. Bxe7 Rxe7 35. Rc5 Rb7 36. Rc8 Rb6 37. Ra8 Rc6 38. Rb8 Rc2+ 39. Kf1 Rc3 40. Nd2 Rc1+ 41. Kf2 Rc5 42. Nb3 Rc2+ 43. Kf1 Rb2 44. Rb6+ Kf7 45. Nc5 Nc2 0-1

[Event "Moscow op-A 16th"]
[Site "Moscow"]
[Date "2020.01.25"]
[Round "1"]
[White "Teiitbaev, Aktilek"]
[Black "Truskavetsky, Alexandr"]
[Result "0-1"]
[WhiteElo "2092"]
[BlackElo "2398"]
[PlyCount "90"]
[EventDate "2020.01.25"]
[EventType "swiss"]
[EventRounds "9"]
[EventCountry "RUS"]
[SourceTitle "CBM 194 Extra"]
[Source "ChessBase"]
[SourceDate "2020.03.31"]
[SourceVersion "1"]
[SourceVersionDate "2020.03.31"]
[SourceQuality "1"]

1. c4 e5 2. g3 Nf6 3. Bg2 Bc5 4. Nc3 0-0 5. e3 Nc6 6. Nge2 d6 7. d4 Bb6 8. 0-0 Bg4 9. h3 Bd7 10. Na4 exd4 11. exd4 Nxd4 12. Nxd4 Bxa4 13. Qxa4 Bxd4 14. Bxb7 Rb8 15. Bc6 Nh5 16. Kg2 Qf6 17. Qc2 Bxb2 18. Rb1 Bxc1 19. Rfxc1 g6 20. c5 Ng7 21. Qa4 dxc5 22. Rxb8 Rxb8 23. Rxc5 Rb2 24. Bf3 Qb6 25. Rc2 Rxc2 26. Qxc2 Nf5 27. Bd5 c5 28. Qe4 Qc7 29. h4 h5 30. Kh3 Kg7 31. a4 Qe7 32. Qc4 Nd4 33. Kg2 f6 34. Qa6 g5 35. Qc8 gxh4 36. Qg8+ Kh6 37. g4 Qg7 38. Qd8 hxg4 39. Qd6 h3+ 40. Kh2 Nf5 41. Qxc5 Qe7 42. Qc1+ Kh5 43. Qd1 Qe5+ 44. Kh1 Nh4 45. a5 Qf4 0-1

[Event "St Petersburg Korchnoi Memorial op"]
[Site "St Petersburg"]
[Date "2019.08.22"]
[Round "9"]
[White "Teiitbaev, Aktilek"]
[Black "Sorokin, Artem"]
[Result "1/2-1/2"]
[WhiteElo "2124"]
[BlackElo "1898"]
[PlyCount "61"]
[EventDate "2019.08.14"]
[EventType "swiss"]
[EventRounds "9"]
[EventCountry "RUS"]
[SourceTitle "CBM 192"]
[Source "ChessBase"]
[SourceDate "2019.10.31"]
[SourceVersion "1"]
[SourceVersionDate "2019.10.31"]
[SourceQuality "1"]

1. e4 c5 2. c3 d5 3. exd5 Qxd5 4. d4 Nc6 5. Nf3 Bf5 6. Be2 e6 7. 0-0 cxd4 8. Nxd4 Nxd4 9. cxd4 Bd6 10. Qa4+ Ke7 11. Bf3 Be4 12. Nc3 Bxf3 13. Nxd5+ Bxd5 14. Bg5+ Nf6 15. Bh4 Rhc8 16. Rfc1 Bc6 17. Qb3 Kf8 18. Bxf6 gxf6 19. Qh3 Ke7 20. g3 h5 21. Qxh5 Rh8 22. Qe2 Bd5 23. Qb5 a6 24. Qb6 Rag8 25. Rc5 Bxc5 26. Qc7+ Kf8 27. dxc5 Rxh2 28. Qc8+ Ke7 29. Qc7+ Ke8 30. Qc8+ Ke7 31. Qc7+ 1/2-1/2